Team of the Tournament - Fußball-Europameisterschaft 2020 - Statistiken

Allgemein
  • Dieses Quiz wurde 102 mal gespielt
  • Das Durchschnittsergebnis liegt bei 6 aus 11
Antwortstatistiken
Position Nationalität Spieler % Korrekt
Torwart Italien Gianluigi Donnarumma
90%
Stürmer Belgien Romelu Lukaku
84%
Abwehrspieler Italien Leonardo Bonucci
77%
Abwehrspieler England Harry Maguire
64%
Abwehrspieler England Kyle Walker
63%
Stürmer Italien Federico Chiesa
52%
Mittelfeldspieler Spanien Pedri
46%
Mittelfeldspieler Italien Jorginho
45%
Stürmer England Raheem Sterling
39%
Mittelfeldspieler Dänemark Pierre-Emile Højbjerg
23%
Abwehrspieler Italien Leonardo Spinazzola
20%
Keine übereinstimmenden Quizze gefunden
Verteilung der Resultate
Anzahl Personen mit jedem Resultat
Perzentil nach korrekt beantworteten Fragen
Ihre Resultats-Entwicklung
Sie haben dieses Quiz noch nicht gespielt